| 000 | 01278cam a2200313 a 4500 | ||
|---|---|---|---|
| 999 |
_c2292 _d2292 |
||
| 001 | 13622567 | ||
| 003 | GZU | ||
| 005 | 20201028122753.0 | ||
| 008 | 040331s2002 enk b 000 0 eng d | ||
| 010 | _a 2004401791 | ||
| 020 | _a1779220154 | ||
| 035 | _a(OCoLC)ocm54844908 | ||
| 040 |
_aTEF _dTEF _cDLC _dDLC |
||
| 042 | _alccopycat | ||
| 050 | 0 | 0 |
_aHC800 _b.COM 2002 |
| 245 | 0 | 0 |
_aComposing a new song : _bstories of empowerment from Africa / _cHope Chigudu, editor ; contributors, Makanjuola Olaseinde Arigbede ... [et al.]. |
| 260 |
_aLondon : _bCommonwealth Foundation ; _aAvondale, Zimbabwe : _bWeaver Press ; _aKampala, Uganda : _bFountain Publishers, _cc2002. |
||
| 300 |
_axxv, 177 p. ; _c23 cm. |
||
| 504 | _aIncludes bibliographical references. | ||
| 650 | 0 |
_aNon-governmental organizations _zAfrica. |
|
| 651 | 0 |
_aAfrica _xEconomic conditions _y1960- |
|
| 651 | 0 |
_aAfrica _xSocial conditions _y1960- |
|
| 651 | 0 |
_aAfrica _xPolitics and government _y1960- |
|
| 700 | 1 |
_aChigudu, Hope Bagyendera. _eeditor |
|
| 856 | 4 | 1 |
_3Table of contents _uhttp://www.loc.gov/catdir/toc/fy045/2004401791.html |
| 906 |
_a7 _bcbc _ccopycat _d2 _encip _f20 _gy-gencatlg |
||
| 942 |
_2lcc _cBK _h800 _iCOM _kHC |
||